000 00574nam a22002057a 4500
003 BUBTL
008 140201b xxu||||| |||| 00| 0 eng d
020 _a978-0-521-74499-7
082 _a425/ M951i/ 1998
100 _9149
_a Murphy, Raymond
245 _aIntermediate English grammar /
_cRaymond Murphy
250 _a3rd ed
260 _aDelhi :
_bCambridge University Press,
_cc1994.
300 _ax, 379 p.
_bill. ;
_c26 cm.
650 0 _956
_aEnglish
_xLanguage
760 _b3rd
856 _k0
_l0
_yDownload
942 _2ddc
_cBK
999 _c115
_d115